000
00296nam a2200097Ia 4500
005
20251222152046.0
008
251222s9999||||xx |||||||||||||| ||spa||
082
_a
658.56/I49T
245
0
_a
Textil - confecciones: Compendio de normas técnicas peruanas y guías para su implementación
942
_c
LIB
999
_c
26227
_d
26227